Fiscalização de insumos agrícolas (Registro n. 298302)
[ somente texto ]
| 000 -LÍDER | |
|---|---|
| fixed length control field | 01066nab a2200313 4500 |
| 003 - CÓDIGO MARC DA AGÊNCIA CATALOGADORA | |
| Campo de controle | BR-BrBNA |
| 005 - DATA E HORA DA ÚLTIMA ATUALIZAÇÃO | |
| Campo de controle | 20240109225903.0 |
| 008 - CAMPO DE TAMANHO FIXO | |
| fixed length control field | 240109b bl.||||| |||| 00| 0 por d |
| 040 ## - FONTE DA CATALOGAÇÃO | |
| Agência catalogadora | BR-BrBNA |
| Idioma da catalogação | por |
| 072 ## - CATEGORIA AGRIS | |
| Código AGRIS | D50 ; H01 ; L70 |
| Código do objeto | 3801 ; 3871 |
| 100 ## - ENTRADA PRINCIPAL - NOME PESSOAL | |
| Nome pessoal | Richter, Neide Terezinha |
| 100 ## - ENTRADA PRINCIPAL - NOME PESSOAL | |
| Nome pessoal | Mattos, Manoel Borges de (cons.) |
| 245 ## - TÍTULO PRINCIPAL | |
| Título principal | Fiscalização de insumos agrícolas |
| 500 ## - NOTA GERAL | |
| Nota geral | 2 illus. |
| 942 ## - ADDED ENTRY ELEMENTS (KOHA) | |
| Koha item type | |
| 650 ## - ASSUNTO - THESAGRO | |
| Cabeçalho tópico ou nome geográfico | LEGISLAÇÃO |
| 650 ## - ASSUNTO - THESAGRO | |
| Cabeçalho tópico ou nome geográfico | FISCALIZAÇÃO SANITÁRIA |
| 650 ## - ASSUNTO - THESAGRO | |
| Cabeçalho tópico ou nome geográfico | INSUMO |
| 650 ## - ASSUNTO - THESAGRO | |
| Cabeçalho tópico ou nome geográfico | CORRETIVO |
| 650 ## - ASSUNTO - THESAGRO | |
| Cabeçalho tópico ou nome geográfico | AGROTÓXICO |
| 650 ## - ASSUNTO - THESAGRO | |
| Cabeçalho tópico ou nome geográfico | FERTILIZANTE |
| 650 ## - ASSUNTO - THESAGRO | |
| Cabeçalho tópico ou nome geográfico | INOCULANTE |
| 650 ## - ASSUNTO - THESAGRO | |
| Cabeçalho tópico ou nome geográfico | SEMENTE |
| 650 ## - ASSUNTO - THESAGRO | |
| Cabeçalho tópico ou nome geográfico | MUDA |
| 650 ## - ASSUNTO - THESAGRO | |
| Cabeçalho tópico ou nome geográfico | RAÇÃO |
| 650 ## - ASSUNTO - THESAGRO | |
| Cabeçalho tópico ou nome geográfico | PRODUTIVIDADE |
| 773 0# - ENTRADA ANALÍTICA | |
| Host Biblionumber | 1330 |
| Registro do item | 275221 |
| Imprenta | Campinas-SP Coordenadoria de Assistência Técnica Integral - CATI - Centro de Comunicação Rural e Treinamento - CECORT 1979. Data final de publicação em 1990 |
| Outro identificador | 2023-437029 |
| Título | Casa da Agricultura (Brazil) |
| ISSN | 0100-6541 |
| Colação | v. 1(6) p. 5-6 (Dec 1979) |
| Número de controle de registro | BR2023002319 |
Nenhum exemplar disponível.

BINAGRI